| 000 | 00534nam a22002057a 4500 | ||
|---|---|---|---|
| 003 | OSt | ||
| 005 | 20140310181804.0 | ||
| 008 | 130704t xxu||||| |||| 00| 0 eng d | ||
| 020 | _a18420518X | ||
| 050 |
_aPE 1628 _b.W385 2002 |
||
| 082 |
_aREF 423 _bW39 2006 |
||
| 245 | _aWebster's universal dictionary and thesaurus. | ||
| 260 |
_aPoland _bGeddes & grosset _cc2002. |
||
| 300 |
_a1008 p. _c28 cm. |
||
| 521 | _aBasic Ed. Students | ||
| 541 | _j1 | ||
| 541 | _j1 | ||
| 562 | _e2 | ||
| 942 |
_2lcc _cBK-GR _kREF |
||
| 999 |
_c3736 _d3736 |
||